000
00263nam a2200109Ia 4500
008
240109s9999 xx 000 0 und d
041
_a
eng
100
_a
Jerome Joseph
245
_a
Industrial Relations
260
_b
Sage Pub. New Delhi
650
_a
Management
999
_c
1025586
_d
1025586